=LDR 00000nam 2200000 4500 =001 INLIS000000000012894 =005 20210506101018 =035 ##$$a 0010-061300000012894 =008 210506################g##########0#ind## =041 ##$$a Ind =082 ##$$a 338.479 101 9 =090 ##$$a 338.479 101 9, Ros p =100 ##$$a Ross, Grlenn F =245 1#$$a Psikologi pariwisata /$c Glenn F Ross; penerjemah, Marianto Samosir =260 ##$$a Jakarta :$b Yayasan Obor Indonesia,$c 1998 =300 ##$$a xvi, 261 hlm ; $c 21 x 14 cm. =650 #4$$a Pariwisata - Psikologi =850 ##$$a NBPNMAT =020 ##$$a 979-461-305-3 =084 ##$$a 338.479 101 9 ROS p =700 #$$a Samosir, Marianto =990 ##$$a 10400736 =990 ##$$a 10400733 =990 ##$$a 10400734 =990 ##$$a 10400735